| 000 | 00351nam a2200133Ia 4500 | ||
|---|---|---|---|
| 005 | 20260326235456.0 | ||
| 008 | 260326s9999||||xx |||||||||||||| ||und|| | ||
| 100 | _aVan Bruggen, Coosje | ||
| 245 | 0 |
_aFrank O. Gehry : _b Museo Guggenheim Bilbao / _cCoosje Van Bruggen |
|
| 260 | _b---- | ||
| 300 | _a211 p. | ||
| 650 | _aARQUITECTURA CIVIL | ||
| 942 | _cBK | ||
| 999 |
_c7938 _d7938 |
||